El secreto de las fuentes periodísticas en el proceso penal (Record no. 48560)

MARC details
000 -LEADER
fixed length control field 00544nam a22001697a 4500
005 - DATE AND TIME OF LATEST TRANSACTION
control field 20230426085758.0
008 - FIXED-LENGTH DATA ELEMENTS--GENERAL INFORMATION
fixed length control field 230314b ag ||||| |||| 00| 0 spa d
020 ## - INTERNATIONAL STANDARD BOOK NUMBER
International Standard Book Number 9508941723
050 04 - LIBRARY OF CONGRESS CALL NUMBER
Classification number KHA5875
Item number L83 1989
100 1# - MAIN ENTRY--PERSONAL NAME
Personal name Luca, Javier Augusto de
245 1e - TITLE STATEMENT
Title El secreto de las fuentes periodísticas en el proceso penal
Statement of responsibility, etc / Javier Augusto de Luca.
250 ## - EDITION STATEMENT
Edition statement 1a ed.
260 ## - PUBLICATION, DISTRIBUTION, ETC. (IMPRINT)
Place of publication, distribution, etc Buenos Aires :
Name of publisher, distributor, etc Ad-Hoc,
Date of publication, distribution, etc 1989
300 ## - PHYSICAL DESCRIPTION
Extent 127 p. ;
Dimensions 23 cm.
650 #7 - SUBJECT ADDED ENTRY--TOPICAL TERM
Source of heading or term lemb
Topical term or geographic name as entry element Procedimiento penal
Form subdivision Fuentes
General subdivision Periodismo
Geographic subdivision Argentina
942 ## - ADDED ENTRY ELEMENTS (KOHA)
Source of classification or shelving scheme Biblioteca del Cogreso de los Estados Unidos
Koha item type Libro
Holdings
Estado de pérdida Fuente de clasificación Estado del daño No para préstamo Ubicación permanente Ubicación actual Apartado o colección Fecha de adquisición Fuente de adquisición Edición Área del conocimiento Total Checkouts Clasificación Código de Barras Date last seen Número de copia Costo por reposición Tipo de recurso
  Biblioteca del Cogreso de los Estados Unidos     Biblioteca del Posgrado en Derecho Biblioteca del Posgrado en Derecho Colección Ernesto Villanueva 26/04/2023 Donación 1a ed. Ciencias Sociales y Administrativas   KHA5875 L83 1989 BPD000001962 26/04/2023 1 1.00 Libro
  Biblioteca del Cogreso de los Estados Unidos     Biblioteca del Posgrado en Derecho Biblioteca del Posgrado en Derecho Colección Ernesto Villanueva 27/04/2023 Donación 1a ed. Ciencias Sociales y Administrativas   KHA5875 L83 1989 BPD000001981 27/04/2023 2 1.00 Libro